<?xml version='1.0' encoding='UTF-8'?>
  <record xmlns="http://www.loc.gov/MARC21/slim">
    <leader>00000ctm a22000007i 4500</leader>
    <controlfield tag="001">on1057710215</controlfield>
    <controlfield tag="003">OCoLC</controlfield>
    <controlfield tag="005">20250605093843.8</controlfield>
    <controlfield tag="008">181024q12001399xx            000 0 heb d</controlfield>
    <datafield tag="040" ind1=" " ind2=" ">
      <subfield code="a">QGJ</subfield>
      <subfield code="b">eng</subfield>
      <subfield code="e">rda</subfield>
      <subfield code="e">dcrmmss</subfield>
      <subfield code="c">QGJ</subfield>
      <subfield code="d">OCLCQ</subfield>
      <subfield code="d">OCLCO</subfield>
      <subfield code="d">QGJ</subfield>
    </datafield>
    <datafield tag="066" ind1=" " ind2=" ">
      <subfield code="c">(2</subfield>
    </datafield>
    <datafield tag="035" ind1=" " ind2=" ">
      <subfield code="a">(OCoLC)1057710215</subfield>
    </datafield>
    <datafield tag="130" ind1="0" ind2=" ">
      <subfield code="a">Bible.</subfield>
      <subfield code="p">Pentateuch.</subfield>
      <subfield code="l">Hebrew.</subfield>
      <subfield code="s">Universiteitsbibliotheek Utrecht.</subfield>
      <subfield code="k">Manuscript.</subfield>
      <subfield code="n">Hs. 1424 (Hs 1 C 28)</subfield>
      <subfield code="f">1200.</subfield>
    </datafield>
    <datafield tag="242" ind1="1" ind2="0">
      <subfield code="a">Pentateuch.</subfield>
      <subfield code="b">Haftarot. Five scrolls.</subfield>
      <subfield code="y">eng</subfield>
    </datafield>
    <datafield tag="245" ind1="1" ind2="0">
      <subfield code="6">880-01</subfield>
      <subfield code="a">Torah.</subfield>
      <subfield code="b">Hafṭarot ve-Ḥamesh Megilot,</subfield>
      <subfield code="f">UBU Hs. 1424 (Hs 1 C 28).</subfield>
    </datafield>
    <datafield tag="246" ind1="3" ind2=" ">
      <subfield code="i">Title in P.A. Tiele, Catalogus codicum manu scriptorum Bibliothecae Universitatis Rheno-Trajectinae:</subfield>
      <subfield code="a">Pentateuchus. Haftaroth. Quinque rotulae</subfield>
    </datafield>
    <datafield tag="264" ind1=" " ind2="0">
      <subfield code="a">[Place of production not identified],</subfield>
      <subfield code="c">[between 1200 and 1399].</subfield>
    </datafield>
    <datafield tag="300" ind1=" " ind2=" ">
      <subfield code="a">248 leaves ;</subfield>
      <subfield code="c">248 x 190 (152 x 135) mm</subfield>
    </datafield>
    <datafield tag="336" ind1=" " ind2=" ">
      <subfield code="a">text</subfield>
      <subfield code="b">txt</subfield>
      <subfield code="2">rdacontent</subfield>
    </datafield>
    <datafield tag="337" ind1=" " ind2=" ">
      <subfield code="a">unmediated</subfield>
      <subfield code="b">n</subfield>
      <subfield code="2">rdamedia</subfield>
    </datafield>
    <datafield tag="338" ind1=" " ind2=" ">
      <subfield code="a">volume</subfield>
      <subfield code="b">nc</subfield>
      <subfield code="2">rdacarrier</subfield>
    </datafield>
    <datafield tag="340" ind1=" " ind2=" ">
      <subfield code="a">parchment</subfield>
      <subfield code="2">rdamat</subfield>
    </datafield>
    <datafield tag="340" ind1=" " ind2=" ">
      <subfield code="k">2 columns 23 lines</subfield>
    </datafield>
    <datafield tag="500" ind1=" " ind2=" ">
      <subfield code="a">Dating from: P.A.H. de Boer, 'Hebrew biblical manuscripts in the Netherlands'. According to P.A. Tiele, Catalogus codicum manu scriptorum Bibliothecae Universitatis Rheno-Trajectinae: 17th century. According to B. Kennicott, Vetus Testamentum Hebraicum cum variis lectionibus: late 13th century.</subfield>
    </datafield>
    <datafield tag="500" ind1=" " ind2=" ">
      <subfield code="a">Five scrolls arranged: Ruth, Song of Salomon, Lamentations, Esther, Ecclesiastes.</subfield>
    </datafield>
    <datafield tag="500" ind1=" " ind2=" ">
      <subfield code="a">No Masora's.</subfield>
    </datafield>
    <datafield tag="500" ind1=" " ind2=" ">
      <subfield code="a">The haftarot are mostly based on the Sephardic tradition, some with addition of verses that are not included in ordinary liturgical books. The haftarah on the parasha Haazinu is not found in this Codex. The haftaraj for the parasha Vayelech stands for that on the parasha Va'etchanan. The haftarah on the parasha Pekudei (Sephardic tradition) has an extra verse (1 Kings, VII:51), in which the word ha-melekh occurs twice, while the last four words of the verse are omitted.--Translated from P.A. Tiele, page 337.</subfield>
    </datafield>
    <datafield tag="505" ind1="0" ind2=" ">
      <subfield code="a">Fol. 1v-45r. Genesis -- fol. 45r-81r. Exodus -- fol. 81r-105v. Leviticus -- fol. 105v-141r. Numeri -- fol. 141r-173r. Deuteronomy -- fol. 173v-226v. Haftarot, according to the Sephardic rite -- fol. 226v-229r. Ruth -- fol. 229v-232r. Song of Salomon -- 232r-235v. Lamentations -- fol. 236r-242v. Esther -- fol. 242v-248v. Ecclesiastes.</subfield>
    </datafield>
    <datafield tag="524" ind1="8" ind2=" ">
      <subfield code="a">Cite as: Universiteitsbibliotheek Utrecht Hs. 1424 (Hs 1 C 28).</subfield>
    </datafield>
    <datafield tag="546" ind1=" " ind2=" ">
      <subfield code="a">Vocalized Hebrew;</subfield>
      <subfield code="b">square regular script.</subfield>
    </datafield>
    <datafield tag="563" ind1=" " ind2=" ">
      <subfield code="a">17th or 18th century blind-tooled parchment binding over pasteboards.</subfield>
    </datafield>
    <datafield tag="581" ind1=" " ind2=" ">
      <subfield code="a">P.A. Tiele, Catalogus codicum manu scriptorum Bibliothecae Universitatis Rheno-Trajectinae. I. Trajecti ad Rhenum / Hagae Comitis 1887. P. 337.</subfield>
    </datafield>
    <datafield tag="581" ind1=" " ind2=" ">
      <subfield code="a">P.A.H. de Boer, 'Hebrew biblical manuscripts in the Netherlands', in: In memoriam Paul Kahle, p. 44-52. p. 51 nr. 17.</subfield>
    </datafield>
    <datafield tag="581" ind1=" " ind2=" ">
      <subfield code="a">B. Kennicott, Vetus Testamentum Hebraicum cum variis lectionibus. I. Oxonii, 1776. P. 108, codex 644.</subfield>
    </datafield>
    <datafield tag="630" ind1="0" ind2="7">
      <subfield code="a">Bible.</subfield>
      <subfield code="p">Pentateuch</subfield>
      <subfield code="2">fast</subfield>
    </datafield>
    <datafield tag="630" ind1="0" ind2="7">
      <subfield code="a">Haftarot</subfield>
      <subfield code="2">fast</subfield>
    </datafield>
    <datafield tag="630" ind1="0" ind2="7">
      <subfield code="a">Bible.</subfield>
      <subfield code="p">Five Scrolls</subfield>
      <subfield code="2">fast</subfield>
    </datafield>
    <datafield tag="650" ind1=" " ind2="7">
      <subfield code="a">Manuscripts, Hebrew</subfield>
      <subfield code="2">fast</subfield>
    </datafield>
    <datafield tag="710" ind1="2" ind2=" ">
      <subfield code="a">Universiteit Utrecht.</subfield>
      <subfield code="b">Bibliotheek.</subfield>
      <subfield code="k">Manuscript</subfield>
      <subfield code="n">(Hs. 1424 (Hs 1 C 28th))</subfield>
    </datafield>
    <datafield tag="730" ind1="0" ind2="2">
      <subfield code="i">Container of (expression):</subfield>
      <subfield code="a">Haftarot.</subfield>
      <subfield code="s">Universiteitsbibliotheek Utrecht.</subfield>
      <subfield code="k">Manuscript.</subfield>
      <subfield code="n">Hs. 1424 (Hs 1 C 28)</subfield>
    </datafield>
    <datafield tag="730" ind1="0" ind2="2">
      <subfield code="i">Container of (expression):</subfield>
      <subfield code="a">Bible.</subfield>
      <subfield code="p">Five Scrolls.</subfield>
      <subfield code="l">Hebrew.</subfield>
      <subfield code="s">Universiteitsbibliotheek Utrecht.</subfield>
      <subfield code="k">Manuscript.</subfield>
      <subfield code="n">Hs. 1424 (Hs 1 C 28)</subfield>
    </datafield>
    <datafield tag="740" ind1="0" ind2=" ">
      <subfield code="a">Pentateuchus.</subfield>
    </datafield>
    <datafield tag="740" ind1="0" ind2=" ">
      <subfield code="a">Haftaroth.</subfield>
    </datafield>
    <datafield tag="740" ind1="0" ind2=" ">
      <subfield code="a">Quinque rotulae.</subfield>
    </datafield>
    <datafield tag="880" ind1="1" ind2="0">
      <subfield code="6">245-01/(2/r</subfield>
      <subfield code="a">תורה.</subfield>
      <subfield code="b">הפטרות וחמש מגילות.</subfield>
      <subfield code="f">UBU Hs. 1424 (Hs 1 C 28)</subfield>
    </datafield>
  </record>